000 01339nam a2200265Ia 4500
999 _c36200
_d36200
001 2103
003 GE_BSU
005 20190523155821.0
008 181216s1998||||ge |||||||||||||| ||geo||
020 _a9992931367
040 _cGE_BSU
041 _ageo
080 _a94(4)+930(479.22) კ–18
100 _aკალანდაძე, მერაბ
_91537
245 _cრედ.: კ. ანთაძე.
_aდასავლეთ ევროპის შუა საუკუნეების და ახალი ისტორიის შესწავლა საქართველოში XX საუკუნის პირველ ნახევარში /
264 _aთბილისი :
_bთბილ. უნ-ტის გამ-ბა,
_c1998.
300 _a237 გვ.;
_b29 სმ.
504 _a ბიბლიოგრ.: გვ. 217.
520 _aრეზ. ინგლ. ენ.
653 _aდასავლეთ ევროპის შუა საუკუნეების ისტორია
653 _aდასავლეთ ევროპის ახალი ისტორია
653 _aქართული ისტორიოგრაფია
700 _aანთაძე, კ.
_eრედაქტორი
_91538
942 _cBK
_2udc